AH International Schools' Libraries

(Khmer) The young brave eagle / (Record no. 49896)

MARC details
000 -LEADER
fixed length control field 00260nam a2200097 4500
020 ## - INTERNATIONAL STANDARD BOOK NUMBER
International Standard Book Number 9789924527367
245 ## - TITLE STATEMENT
Title (Khmer) The young brave eagle /
Statement of responsibility, etc Kem Lyheang.
260 ## - PUBLICATION, DISTRIBUTION, ETC. (IMPRINT)
Place of publication, distribution, etc Cambodia:
Name of publisher, distributor, etc Under the roof;
300 ## - PHYSICAL DESCRIPTION
Extent 20 p.
Other physical details col. ill.
Dimensions 25 cm.
942 ## - ADDED ENTRY ELEMENTS (KOHA)
Source of classification or shelving scheme
Koha item type Book
Holdings
Withdrawn status Lost status Source of classification or shelving scheme Damaged status Not for loan Collection code Home library Current library Date acquired Total Checkouts Full call number Barcode Date last seen Price effective from Koha item type
          Siem Riep Asian Hope Siem Reap Asian Hope Siem Reap 12/09/2025   KHMER E KEM 209695 12/09/2025 12/09/2025 Book

For any Logos Library related questions please contact Miss Art at swongnarasuk@asianhope.org.

For any Asian Hope Library related questions please contact Miss Raza at graza@asianhope.org.

Powered by Koha